Freedooommm! of thought - Statistics

General Stats
  • This quiz has been taken 9 times
  • The average score is 18 of 50
Answer Stats
Points (0 is the best) Country % Correct
502 - severe discrimination North Korea
100%
6 - mostly satisfactory USA
100%
1287 - grave violations Iran
86%
9 - satisfactory Sweden
86%
2 - mostly free and equal Japan
71%
6 - mostly satisfactory Norway
71%
13 - some systemic discrimination South Korea
71%
1060 - grave violations UAE
71%
589 - grave violations Kuwait
57%
1076 - grave violations Pakistan
57%
1358 - grave violations Saudi Arabia
57%
880 - grave violations Sudan
57%
827 - grave violations Yemen
57%
1100 - grave violations Afghanistan
43%
0 - free and equal Belgium
43%
774 - grave violations Egypt
43%
9 - satisfactory Estonia
43%
2 - mostly free and equal France
43%
725 - grave violations Indonesia
43%
923 - grave violations Malaysia
43%
0 - free and equal Netherlands
43%
547 - severe discrimination Nigeria
43%
676 - grave violations Qatar
43%
0 - free and equal Taiwan
43%
454 - severe discrimination Algeria
29%
665 - grave violations Bangladesh
29%
876 - grave violations Brunei
29%
503 - severe discrimination Eritrea
29%
656 - grave violations Jordan
29%
1094 - grave violations Maldives
29%
13 - some systemic discrimination Mexico
29%
15 - systemic discrimination Monaco
29%
705 - grave violations Morocco
29%
2 - mostly free and equal Nauru
29%
11 - somewhat satisfactory (Republic of) Congo
29%
820 - grave violations Somalia
29%
540 - severe discrimination Comoros
14%
940 - grave violations Mauritania
14%
2 - mostly free and equal São Tomé and Príncipe
14%
11 - somewhat satisfactory Slovenia
14%
8 - satisfactory St Kitts and Nevis
14%
9 - satisfactory Uruguay
14%
13 - some systemic discrimination Albania
0%
11 - somewhat satisfactory Burkina Faso
0%
545 - severe discrimination Gambia
0%
15 - systemic discrimination Kiribati
0%
15 - systemic discrimination Micronesia
0%
11 - somewhat satisfactory Mozambique
0%
11 - somewhat satisfactory Palau
0%
13 - some systemic discrimination Sierra Leone
0%
No matching quizzes found
Score Distribution
Percent of People with Each Score
Percentile by Number Answered
Your Score History
You have not taken this quiz